| 000 | 00976nas a2200325 4500 | ||
|---|---|---|---|
| 001 | BR5500182 | ||
| 003 | BR-BrBNA | ||
| 005 | 20231205081954.0 | ||
| 007 | ta | ||
| 008 | 230509b bl.|||p| |||| 00| 00por d | ||
| 040 |
_aBR-BrBNA _bpor _cBiblioteca Nacional de Agricultura |
||
| 041 | _a(Pt) | ||
| 072 | _aL30; L36 | ||
| 100 | 1 | _aPeixoto, R.R. | |
| 100 | 1 | _aGrossman, J. | |
| 100 | 1 | _aOliveira, W.M. | |
| 100 | 1 | _aBrasiliense, A. | |
| 245 | 1 | _aEstudo comparativo de racoes como substitutivas parciais do leite na criacao de terneiros holandeses, incluindo Aureomicina e vitamina B12 | |
| 650 | _aRACAO | ||
| 650 | _aVITAMINA B-12 | ||
| 650 | _aBEZERRO | ||
| 650 | _aLEITE | ||
| 650 | _aANTIBIOTICO | ||
| 650 | _aAUREOMICINA | ||
| 650 | _aCRIACAO | ||
| 650 | _aVALOR NUTRITIVO | ||
| 773 | 0 |
_tBoletim da Diretoria da Producao Animal (Brazil) _x _g(Dec 1955), v. 12(23) p. 6-14 _wBR5500182 |
|
| 909 |
_a202311 _bLúcia _c55 _dLúcia Elande |
||
| 942 |
_2AGRIS _n0 _cANA |
||
| 999 |
_c88238 _d88238 |
||